header

The Second Life Herald (Record no. 113986)

MARC details
000 -LEADER
fixed length control field 01403nam a2200349Ia 4500
082 04 - DEWEY DECIMAL CLASSIFICATION NUMBER
Classification number 794.8
100 1# - MAIN ENTRY--AUTHOR NAME
Personal name Ludlow, Peter,
245 14 - TITLE STATEMENT
Title The Second Life Herald
260 ## - PUBLICATION, DISTRIBUTION, ETC. (IMPRINT)
Place of publication Cambridge, MA :
Name of publisher The MIT Press,
Year of publication 2007.
300 ## - PHYSICAL DESCRIPTION
Number of Pages xvi, 295 p.
650 #0 - SUBJECT ADDED ENTRY--TOPICAL TERM
Topical Term Second Life (Game)
Topical Term Avatars (Virtual reality)
Topical Term Tabloid newspapers
Topical Term Shared virtual environments.
Topical Term Internet.
700 1# - ADDED ENTRY--PERSONAL NAME
Personal name Wallace, M.
856 40 - ELECTRONIC LOCATION AND ACCESS
Uniform Resource Identifier http://site.ebrary.com/lib/rucke/Doc?id=10194159

No items available.

© 2026 Rongo University
Contact us: librarian | system librarian | Rongo university